000 00339nam a2200145Ia 4500
003 OSt
005 20240223142245.0
008 170524s9999 xx 000 0 und d
020 _a9789387472815
040 _cIIMT UNIVERSITY
100 _aPattanayak B
245 0 _aHuman Resource Management
260 _aNew Delhi PHI
942 _2ddc
_c01
999 _c2999
_d2999